Statistics for Word Addition Click Quiz #1

Click here to take the quiz!

General Stats

  • This quiz has been taken 30,936 times
  • The average score is 12 of 20

Answer Stats

HintAnswer% Correct
CUPBOARD
88%
DONKEY
81%
HANDSOME
79%
QUESTION
75%
THINKING
62%
HAIRSPRAY
62%
CARTRIDGE
62%
ANTELOPE
61%
OVERTIRED
59%
RAPPORT
59%
HONESTY
59%
PAGEANT
57%
BUDGET
57%
SOUP
57%
EARSHOT
52%
REAPPEAR
51%
FROGSPAWN
50%
TOPSPIN
50%
BROADSWORD
45%
ENDANGER
42%

Score Distribution

Percentile by Number Answered

Percent of People with Each Score

Your Score History

You have not taken this quiz